000 00270nmm a2200097Ia 4500
008 220120s9999||||xx |||||||||||||||||und||
020 _a978-81-312-0965-3
100 _aChip
245 0 _aPower tools pack, adobe photoshop cs6 13.0
260 _aInfomedia18
_bBurlington
_c2012
999 _c139790
_d139790